000 00620nam a2200229Ia 4500
003 OSt
005 20220928111207.0
006 a|||||r|||| 00| 0
007 ta
008 220927b |||||||| |||| 00| 0 eng d
024 _a46819
037 _cTextual
040 _aSDCL
_cSDCL
_beng
041 _2eng
_aeng
082 _aO152:gx, J3
100 _aMishr Bhagwatswarup.
_9422346
245 0 _aHindi-allochana
_b udarav aur vikas.
260 _aDehradun
_bShitya Sadan.
_c1953
300 _a650p.
_ccm.
942 _hO152:gx, J3
_cTEXL
_2CC
999 _c738763
_d738763